000
00302nam a22001337a 4500
008
170602b xxu||||| |||| 00| 0 eng d
020
_a
2900838416531
041
_a
eng
080
_a
94(7/8)
100
_a
17
101
_a
SHH
245
_a
VOCES DE HISPANOAMERICA
_c
RODRIGUEZ,R.CH
942
_2
udc
_c
BK
999
_c
15707
_d
15707